1019 1967 1414 1393 1726 1978 1223 1916 1078 1720 1923 1684 1523 1606 1408 1880 1801 1622 1617 1809 1632 1938 1608 1612 1345 1470 1445 1207 1530 1198 1067 1365 1924 1081 1000 1884 1677 1488 1675 1971 1432 1288 1593 1847 1307 1060 1122 1242 1412 1586 1214 1045 1290 1175 1634 1985 1585 1944 1767 1300 1835 1449 1787 1001 1014 1611 1056 1120 1190 1311 1441 1891 1568 1203 1625 1409 1865 1416 1548 1850 1005 1793 1116 1408 1208 1130 1015 1674 1855 1919 1382 1939 1184 1898 1772 1296 1207 1839 1000 BCNSPRNW ULIB Ver.6.0+V

เปลี่ยนเป็นภาษาไทย

Change to English
 แสดงรายละเอียดบรรณานุกรม
  กลับหน้าหลัก

Brief Record : Get Marc (ISO 2709) : E-mail record : QR code < ปิดหน้าต่าง
LEADER : 00000nam 2200000uu 4500
001    13399113776
003     ULIB
008    111227s2553||||th 000 0 tha d
020    ^a9786167123264
090    ^aนว.^bช149จ 2553
100 0  ^aชนาพร
245 00 ^aเจ้าพ่อกำมะลอ/^cชนาพร
250    ^aพิมพ์ครั้งที่ 1
260    ^aกรุงเทพฯ :^bกรีนมายด์ บุ๊คส์,^c2553
300    ^a314 หน้า
710 1  ^aกรีนมายด์ บุ๊คส์
945    ^p229^l0^i16997
995    ^aกัณชพร
999    ^aใช้งานได้ทุกระบบ
รายการนี้ยังไม่มีแท็ก
คุณยังไม่ได้ล็อกอิน คุณสามารถมีกิจกรรมร่วมกับเว็บไซต์ได้ แต่ต้องล็อกอินก่อน ::
  ล็อกอิน

รายการสื่อสารสนเทศ

ลำดับที่ ประเภท เลขเรียก/บาร์โค้ด สถานที่ สถานะ
1. นวนิยาย
นวนิยาย
นว. ช149จ 2553  
  Barcode: 16997
ห้องสมุดวิทยาเขตสวรรค์ประชารักษ์
►นวนิยาย
บนชั้น
  ขอยืม

รายการใกล้เคียง
    ผู้แต่ง [ชนาพร]

BibComment


ยังไม่เคยถูกคอมเมนท์

คอมเมนท์ทรัพยากรรายการนี้
  คอมเมนท์: เจ้าพ่อกำมะลอ ชน..


 Copyright 2026. Bcnsprnw @Library